| 000 | 00532nam a22001577a 4500 | ||
|---|---|---|---|
| 003 | ASAB | ||
| 005 | 20180827062844.0 | ||
| 008 | 180514t xxu||||| |||| 00| 0 eng d | ||
| 040 | _cASAB | ||
| 100 |
_aNIDA UL FATIMA-sup-Dr. Sadia Andleeb _93980 |
||
| 245 |
_aTH-MS-Beta Lactamase Resistome in culturable bacterial Isolates from drinking water of Pakistan _cNIDA UL FATIMA-sup-Dr. Sadia Andleeb |
||
| 260 |
_aIslamabad _bASAB NUST _c2014 |
||
| 300 |
_axiv, 62 P _b30 cm |
||
| 630 |
_aVirology and Immunology _93981 |
||
| 942 |
_2ddc _cTH |
||
| 999 |
_c480890 _d480890 |
||